000 00713nam a22002177a 4500
005 20140527070123.0
008 990526s1999 ja b 001 0 eng
020 _a9280810235
024 0 _aeng
080 _a504.06
245 0 0 _aCities and the environment :
_cedited by Takashi Inoguchi, Edward Newman, and Glen Paoletto.
250 _a1 st.ed.:
260 _aTokyo ;
_aNew York :
_bUnited Nations University Press,
_c1999.
300 _a337 f. ;
_c23 cm.
504 _aIncludes bibliographical references and index.
650 0 _aMbrojtja e mjedisit natyror
700 1 _aInoguchi, Takashi.
700 1 _aNewman, Edward,
700 1 _aPaoletto, Glen.
942 _2udc
_cBK
999 _c470
_d470